000 01053nam a22002417a 4500
005 20240814174534.0
008 s2543 th tha d
020 _a9748726769
040 _aNALT
041 _atha
100 0 _aวิชัย ตันติกุลานันท์
245 1 0 _aคำอธิบายกฎหมายจัดสรรที่ดิน
260 3 _aกรุงเทพฯ :
_bพิมพ์อักษร,
_c2543
300 _a118 หน้า ;
_b 26 ซม.
650 0 4 _aกฎหมายที่ดิน
650 0 4 _aการจัดสรรที่ดิน -- กฎหมายและระเบียบข้อบังคับ
650 0 4 _aการจัดสรรที่ดิน (พ.ร.บ.) -- 2543
650 0 4 _aที่ดิน -- กฎหมายและระเบียบข้อบังคับ
850 _aNALT
942 _cLB
_2lcc
_02
999 _c18821
_d18821
998 _j25
_k นีลวัสน์ อินทรักษา
090 _aKO26 ว359ค 2543